000 00737nam a2200253Ia 4500
003 OSt
005 20220925213710.0
006 a|||||r|||| 00| 0
007 ta
008 220923b |||||||| |||| 00| 0 eng d
020 _a0412356902
037 _cGeneral Book
040 _aRTL
_cRTL
_beng
041 _2eng
_aeng
082 _aX:551:(B), N1
100 _aGuvenen Orhan
_9278875
245 0 _aInternational commodity markets models
_b Advances
260 _aLondon
_bChapman and Hall
_c1991
300 _axxii,330p
_ccm.
490 _aInternational Studies in Economic Modelling
650 _aCommodity Trade
_9264391
942 _hX:551:(B), N1
_cGB
_2CC
999 _c563506
_d563506